[Event "COL-ch U14"]
[Site "Bucaramanga"]
[Date "2022.05.08"]
[Round "9"]
[White "Medina, Juan Esteban"]
[Black "Roa Beleno, Matias Fernando"]
[Result "1-0"]
[WhiteElo "1430"]
[BlackElo "1166"]
[PlyCount "62"]
[EventDate "2022.05.04"]
[EventType "swiss"]
[EventRounds "9"]
[EventCountry "COL"]
[SourceTitle "EXT 2023"]
[Source "ChessBase"]
[SourceDate "2022.10.05"]
[SourceVersion "1"]
[SourceVersionDate "2022.10.05"]
[SourceQuality "1"]

1. c4 c5 2. g3 d6 3. Nc3 Nf6 4. Bg2 Nc6 5. e3 e6 6. Nge2 Qb6 7. 0-0 Be7 8. d4 0-0 9. b3 Rd8 10. Na4 Qc7 11. Qc2 b6 12. a3 d5 13. dxc5 bxc5 14. cxd5 exd5 15. Bb2 Ba6 16. Rfd1 Bxe2 17. Qxe2 Rab8 18. Bxf6 Bxf6 19. Rab1 Ne7 20. Rdc1 Qd6 21. Rxc5 g6 22. b4 Nf5 23. Rxd5 Qc7 24. Rc5 Qd7 25. Nc3 Rdc8 26. Ne4 Bg7 27. Rd1 Qe7 28. Rxc8+ Rxc8 29. Nc5 Nd4 30. Qa6 Ne6 31. Qxc8+ Nf8 1-0

[Event "COL-ch U12 sf1"]
[Site "Duitama"]
[Date "2019.04.13"]
[Round "4.5"]
[White "Medina, Juan Esteban"]
[Black "Olaya, Horacio"]
[Result "0-1"]
[WhiteElo "1188"]
[BlackElo "1434"]
[PlyCount "50"]
[EventDate "2019.04.11"]
[EventType "swiss"]
[EventRounds "6"]
[EventCountry "COL"]
[SourceTitle "EXT 2024"]
[Source "ChessBase"]
[SourceDate "2023.10.10"]
[SourceVersion "1"]
[SourceVersionDate "2023.10.10"]
[SourceQuality "1"]

1. Nf3 f5 2. c4 d6 3. d4 Nf6 4. Nc3 g6 5. g3 Bg7 6. Bg2 0-0 7. 0-0 Qe8 8. d5 c6 9. Re1 e5 10. dxe6 Bxe6 11. Ng5 Bxc4 12. b3 Ne4 13. Ngxe4 fxe4 14. Nxe4 Bxa1 15. Nxd6 Qd7 16. Nxc4 Qxd1 17. Rxd1 Rf7 18. Ba3 Bf6 19. Bh3 Kh8 20. Ne5 h5 21. e4 Rg7 22. Be6 Na6 23. Nf7+ Kh7 24. e5 Rxf7 25. exf6 Rxf6 0-1

[Event "Palmira op"]
[Site "Palmira"]
[Date "2018.09.20"]
[Round "1"]
[White "Medina, Juan Esteban"]
[Black "Valle, Efrain"]
[Result "0-1"]
[WhiteElo "1344"]
[BlackElo "2151"]
[PlyCount "40"]
[EventDate "2018.09.20"]
[EventType "swiss"]
[EventRounds "7"]
[EventCountry "COL"]
[SourceTitle "CBM 187 Extra"]
[Source "ChessBase"]
[SourceDate "2018.11.04"]
[SourceVersion "1"]
[SourceVersionDate "2018.11.04"]
[SourceQuality "1"]

1. e4 Nc6 2. Nf3 d6 3. Bc4 Nf6 4. d3 Bg4 5. Nbd2 e5 6. b3 a6 7. Bb2 Be7 8. Nf1 Nb8 9. Ne3 Bxf3 10. Qxf3 b5 11. Bd5 c6 12. Bxf7+ Kxf7 13. 0-0-0 Rf8 14. g4 Kg8 15. Qg3 Nbd7 16. Rdg1 Nc5 17. f3 Ne6 18. h4 Nf4 19. Re1 Nd7 20. h5 Bg5 0-1

[Event "COL-chT"]
[Site "Ibague"]
[Date "2017.07.21"]
[Round "5.4"]
[White "Medina, Juan Esteban"]
[Black "Salazar, Diego1111"]
[Result "0-1"]
[WhiteElo "1369"]
[BlackElo "1838"]
[PlyCount "44"]
[EventDate "2017.07.19"]
[EventType "team-swiss"]
[EventRounds "6"]
[EventCountry "COL"]
[SourceTitle "CBM 179 Extra"]
[Source "ChessBase"]
[SourceDate "2017.08.23"]
[SourceVersion "1"]
[SourceVersionDate "2017.08.23"]
[SourceQuality "1"]
[WhiteTeam "Caqueta II"]
[BlackTeam "Huila"]
[WhiteTeamCountry "COL"]
[BlackTeamCountry "COL"]

1. c4 Nf6 2. Nc3 c5 3. g3 e6 4. e3 Be7 5. Bg2 Nc6 6. d4 d6 7. Nge2 0-0 8. 0-0 a6 9. d5 Ne5 10. b3 Rb8 11. h3 b5 12. f4 Ng6 13. e4 bxc4 14. bxc4 Qc7 15. Qc2 Bd7 16. Bf3 exd5 17. exd5 Bxh3 18. f5 Bxf1 19. fxg6 Bxe2 20. gxh7+ Nxh7 21. Bxe2 Bf6 22. Bf4 Qa5 0-1

[Event "COL-chT"]
[Site "Ibague"]
[Date "2017.07.19"]
[Round "2.4"]
[White "Medina, Juan Esteban"]
[Black "Lopez Ramirez, Daniel Giovanny"]
[Result "0-1"]
[WhiteElo "1369"]
[BlackElo "1534"]
[PlyCount "46"]
[EventDate "2017.07.19"]
[EventType "team-swiss"]
[EventRounds "6"]
[EventCountry "COL"]
[SourceTitle "CBM 179 Extra"]
[Source "ChessBase"]
[SourceDate "2017.08.23"]
[SourceVersion "1"]
[SourceVersionDate "2017.08.23"]
[SourceQuality "1"]
[WhiteTeam "Caqueta II"]
[BlackTeam "Cundinamarca Juvenil"]
[WhiteTeamCountry "COL"]
[BlackTeamCountry "COL"]

1. c4 e5 2. Nc3 Nf6 3. g3 c6 4. Bg2 d5 5. cxd5 cxd5 6. e3 Bf5 7. Nge2 Bd3 8. Qb3 Bxe2 9. Kxe2 Nc6 10. Nxd5 Nxd5 11. Bxd5 Qd7 12. Rd1 Na5 13. Bxf7+ Qxf7 14. Qb5+ Nc6 15. d4 a6 16. Qb6 Qc4+ 17. Rd3 Nb4 18. Qxb7 Qxd3+ 19. Kf3 e4+ 20. Kf4 Bd6+ 21. Kg4 h5+ 22. Kf5 Qb5+ 23. Qxb5+ axb5 0-1

[Event "COL-ch"]
[Site "Palmira"]
[Date "2017.05.15"]
[Round "1"]
[White "Garcia Alarcon, Alvaro"]
[Black "Medina, Juan Esteban"]
[Result "1-0"]
[WhiteElo "2132"]
[BlackElo "1385"]
[PlyCount "27"]
[EventDate "2017.05.15"]
[EventType "swiss"]
[EventRounds "10"]
[EventCountry "COL"]
[SourceTitle "CBM 178 Extra"]
[Source "ChessBase"]
[SourceDate "2017.06.22"]
[SourceVersion "1"]
[SourceVersionDate "2017.06.22"]
[SourceQuality "1"]

1. e4 c5 2. f4 d6 3. Nf3 e6 4. b3 Nf6 5. Nc3 Be7 6. Bb2 0-0 7. g3 a6 8. a4 Nc6 9. Bg2 Nb4 10. 0-0 Qc7 11. d3 Re8 12. h3 Nh5 13. Ne2 d5 14. Be5 1-0

[Event "COL-ch sf3 U12"]
[Site "Zipaquira"]
[Date "2017.04.02"]
[Round "6.7"]
[White "Vanegas, Mateo de Jesus"]
[Black "Medina, Juan Esteban"]
[Result "1-0"]
[WhiteElo "1414"]
[BlackElo "1444"]
[PlyCount "51"]
[EventDate "2017.03.30"]
[EventType "swiss"]
[EventRounds "6"]
[EventCountry "COL"]
[SourceTitle "EXT 2024"]
[Source "ChessBase"]
[SourceDate "2023.10.10"]
[SourceVersion "1"]
[SourceVersionDate "2023.10.10"]
[SourceQuality "1"]

1. e4 c5 2. Nf3 d6 3. c4 e6 4. d4 cxd4 5. Nxd4 Nf6 6. Nc3 a6 7. Be2 Be7 8. 0-0 0-0 9. Be3 Nc6 10. f3 Qc7 11. b3 Re8 12. Rc1 Bd8 13. Qd2 Qe7 14. Bf2 Bc7 15. Rfe1 Bb8 16. Rcd1 Qc7 17. Bg3 Nh5 18. Nxc6 Nxg3 19. Nxb8 Rxb8 20. hxg3 e5 21. Qxd6 Qa5 22. Qxb8 Qxc3 23. Qd6 h6 24. Qd2 Qxd2 25. Rxd2 Be6 26. Red1 1-0